[Event "Indywidualne Mistrzostwa Polski Juniorow do lat 18 - Chlopcy"]
[Site "Szklarska Poreba"]
[Date "1899-12-30"]
[Round "3.7"]
[White "Jarzebowski, Kacper"]
[Black "Szpar, Milosz"]
[Result "1/2-1/2"]
[WhiteTitle "I++"]
[BlackTitle "FM"]
[WhiteElo "2079"]
[BlackElo "2311"]

1. d4 Nf6 2. c4 e6 3. Nf3 b6 4. g3 Ba6 5. Qc2 c5 6. Bg2 Bb7 7. O-O cxd4 8. Nxd4
Bxg2 9. Kxg2 Qc7 10. b3 Qb7+ 11. f3 Be7 12. Nc3 O-O 13. e4 d6 14. Be3 Nbd7 15.
Rfd1 Rac8 16. Qe2 a6 17. Rac1 Rfe8 18. Bf2 Bd8 19. Qf1 Ne5 20. Bg1 Bc7 21. Nc2
Bb8 22. Ne3 h5 23. h4 Kh8 24. Rd4 b5 25. cxb5 axb5 26. Rdd1 d5 27. exd5 b4 28.
Qb5 Qa8 29. Qxb4 exd5 30. Qa4 Ba7 31. Nf5 1/2-1/2

[Event "Indywidualne Mistrzostwa Polski Juniorow do lat 18 - Chlopcy"]
[Site "Szklarska Poreba"]
[Date "1899-12-30"]
[Round "3.8"]
[White "Kowalski, Igor"]
[Black "Jordan, Adam"]
[Result "1-0"]
[WhiteTitle "FM"]
[BlackTitle "I"]
[WhiteElo "2308"]
[BlackElo "1842"]

1. d4 Nf6 2. Nf3 e6 3. c4 d5 4. Nc3 Be7 5. Bf4 c6 6. e3 Nbd7 7. h3 O-O 8. Qc2 Re8
9. Bd3 dxc4 10. Bxc4 Nb6 11. Bb3 Nbd5 12. Bh2 c5 13. O-O cxd4 14. Nxd4 Nxc3 15.
Qxc3 Nd5 16. Qd3 Bd7 17. Rfd1 g6 18. Nxe6 Bxe6 19. Bxd5 Bxd5 20. Qxd5 Qxd5 21.
Rxd5 Rad8 22. Rad1 f6 23. Rxd8 Rxd8 24. Rxd8+ Bxd8 25. Bb8 a6 26. Kf1 Kf7 27.
Ke2 Ke6 28. Kd3 f5 29. Kc4 Be7 30. a4 h5 31. Ba7 g5 32. f3 g4 33. fxg4 fxg4 34.
hxg4 hxg4 35. Bb8 Bf6 36. b3 Be7 37. Kd4 Bf8 38. Bh2 Be7 39. Bf4 Bf8 40. Ke4 Bg7
41. Bg3 Bf8 42. Kf4 Bh6+ 43. Kxg4 Bxe3 44. Kf3 Bc5 45. Ke4 Be7 46. Bf4 Bf6 47.
Be3 Bg7 48. g4 Bf8 49. g5 Be7 50. g6 Kf6 51. Bg5+ 1-0

[Event "Indywidualne Mistrzostwa Polski Juniorow do lat 18 - Chlopcy"]
[Site "Szklarska Poreba"]
[Date "1899-12-30"]
[Round "3.9"]
[White "Ochowicz, Jakub"]
[Black "Pacan-milej, Kosma"]
[Result "0-1"]
[WhiteTitle "I++"]
[BlackTitle "FM"]
[WhiteElo "1988"]
[BlackElo "2265"]

1. e4 c5 2. Nf3 d6 3. d4 Nf6 4. Nc3 cxd4 5. Nxd4 a6 6. Be3 e5 7. Nf3 Be7 8. Bc4
O-O 9. O-O Nc6 10. Qe2 Na5 11. Bb3 h6 12. Rfd1 Nxb3 13. axb3 Qe8 14. Nd2 b5 15.
f3 Bb7 16. Nf1 b4 17. Na4 d5 18. exd5 Nxd5 19. c4 bxc3 20. bxc3 Rd8 21. c4 Nxe3
22. Nxe3 e4 23. Nf5 Bf6 24. Rxd8 Qxd8 25. Rd1 exf3 26. gxf3 Qb8 27. Rd6 Re8 28.
Qd2 Be5 29. Rd7 Bxf3 30. Ne7+ Kh8 31. Nd5 Bxh2+ 32. Qxh2 Re1+ 33. Kf2 Qxh2+ 0-1

[Event "Indywidualne Mistrzostwa Polski Juniorow do lat 18 - Chlopcy"]
[Site "Szklarska Poreba"]
[Date "1899-12-30"]
[Round "3.10"]
[White "Wyczling, Bartosz"]
[Black "Garbowski, Jakub"]
[Result "1/2-1/2"]
[WhiteTitle "k"]
[BlackTitle "k"]
[WhiteElo "2215"]
[BlackElo "2151"]

1. d4 Nf6 2. c4 g6 3. Nc3 d5 4. cxd5 Nxd5 5. e4 Nxc3 6. bxc3 Bg7 7. Nf3 O-O 8.
Rb1 c5 9. Be2 b6 10. O-O Bb7 11. d5 Bxc3 12. Bc4 Nd7 13. Bf4 Bg7 14. e5 Nb8 15.
Qd3 Qc8 16. Bg5 Re8 17. d6 e6 18. Rfe1 Nd7 19. Bf4 a6 20. a4 Bc6 21. Ng5 Qb7 22.
Qh3 Nf8 23. Bd3 Rac8 24. Be4 Bxe4 25. Nxe4 Nd7 26. Ng5 h6 27. Nf3 Kh7 28. Ng5+
Kg8 29. Nf3 Kh7 30. Ng5+ Kg8 31. Nf3 1/2-1/2

[Event "Indywidualne Mistrzostwa Polski Juniorow do lat 18 - Chlopcy"]
[Site "Szklarska Poreba"]
[Date "1899-12-30"]
[Round "3.11"]
[White "Dzwierzynski, Bartosz"]
[Black "Leskiewicz, Ignacy"]
[Result "1/2-1/2"]
[WhiteTitle "I"]
[BlackTitle "I++"]
[WhiteElo "1942"]
[BlackElo "2192"]

1. d4 Nf6 2. c4 g6 3. Nc3 Bg7 4. e4 d6 5. Nf3 O-O 6. Be2 e5 7. O-O Nc6 8. d5 Ne7
9. b4 Ne8 10. c5 f5 11. Nd2 Nf6 12. f3 f4 13. Ba3 g5 14. b5 Ng6 15. Nc4 dxc5 16.
Bxc5 Rf7 17. Qb3 b6 18. Bb4 Ne8 19. d6 cxd6 20. Rfd1 Be6 21. Qa3 Rd7 22. Nxd6
Nxd6 23. Rxd6 Rxd6 24. Bxd6 g4 25. Rd1 gxf3 26. Bxf3 Qg5 27. Nd5 Nh4 28. Be7 Nxf3+
29. Qxf3 Qg4 30. Nf6+ Bxf6 31. Bxf6 Qxf3 32. gxf3 Kf7 33. Bxe5 Bxa2 34. Bxf4 Bc4
35. Rd7+ 1/2-1/2

[Event "Indywidualne Mistrzostwa Polski Juniorow do lat 18 - Chlopcy"]
[Site "Szklarska Poreba"]
[Date "1899-12-30"]
[Round "3.12"]
[White "Kawalko, Adam"]
[Black "Pytel, Maciej"]
[Result "1/2-1/2"]
[WhiteTitle "I+"]
[BlackTitle "k"]
[WhiteElo "1876"]
[BlackElo "2165"]

1. e4 Nc6 2. d4 e5 3. dxe5 Nxe5 4. Nf3 Bb4+ 5. Bd2 Nxf3+ 6. Qxf3 Qe7 7. Bc4 Bxd2+
8. Nxd2 d6 9. O-O Nf6 10. Bb5+ Nd7 11. Qc3 c6 12. Qxg7 Rf8 13. Be2 Nf6 14. Qh6
Be6 15. Qe3 a6 16. e5 Nd5 17. exd6 Qxd6 18. Qd4 O-O-O 19. Ne4 Qc7 20. Qc5 Rg8
21. Bf3 Nf4 22. Rad1 Bd5 23. g3 Ne6 24. Qe3 Rg6 25. Nd2 f5 26. Bxd5 cxd5 27. Nf3
f4 28. Qe5 Qd7 29. Rd3 fxg3 30. fxg3 b6 31. Rfd1 Nc7 32. c4 Re8 33. Qf4 Qh3 34.
Re1 Rxe1+ 35. Nxe1 dxc4 36. Re3 Qd7 37. Qxc4 Rc6 38. Qd3 Rd6 39. Qc3 Kb7 40. Rd3
Rxd3 41. Qxd3 Qe6 42. Nf3 Qxa2 43. Qe4+ Qd5 44. Qxd5+ Nxd5 45. Ng5 Nf6 46. Kg2
Kc6 47. Kf3 Kd5 48. Kf4 h5 49. Nf3 Ne4 50. Kf5 a5 51. Kg6 a4 52. Kxh5 b5 53. g4
b4 54. g5 a3 55. bxa3 bxa3 56. Ne1 Nxg5 57. Nc2 a2 58. Nb4+ Ke6 59. Nxa2 Nf3 1/2-1/2

[Event "Indywidualne Mistrzostwa Polski Juniorow do lat 18 - Chlopcy"]
[Site "Szklarska Poreba"]
[Date "1899-12-30"]
[Round "3.13"]
[White "Raczynski, Krzysztof"]
[Black "Golenia, Jan"]
[Result "1/2-1/2"]
[WhiteTitle "k+"]
[BlackTitle "I++"]
[WhiteElo "2157"]
[BlackElo "2041"]

1. e4 e5 2. Nf3 Nc6 3. Bb5 a6 4. Ba4 Nf6 5. Qe2 b5 6. Bb3 Bc5 7. c3 d6 8. d3 O-O
9. Bg5 h6 10. Bh4 Bb7 11. Nbd2 Bb6 12. g4 Na5 13. Bc2 g6 14. Rg1 Kg7 15. g5 hxg5
16. Bxg5 Qd7 17. Nh4 Rh8 18. Qf3 Nh5 19. Nf1 Rag8 20. Ng3 Nf4 21. Bxf4 Rxh4 22.
Bxe5+ Kf8 23. Bf4 Rxh2 24. Be3 Bxe3 25. Qxe3 Qe6 26. Qg5 Qe7 27. Qxe7+ Kxe7 28.
b4 Nc6 29. d4 Nb8 30. Ke2 Rgh8 31. a4 bxa4 32. Bxa4 Nd7 33. Bxd7 Kxd7 34. d5 Re8
35. c4 f5 36. Kf3 Re5 37. exf5 gxf5 38. Rh1 Rxh1 39. Rxh1 c6 40. Rh7+ Kc8 41.
dxc6 Bxc6+ 42. Kf4 Bd7 43. Rh6 Kc7 44. c5 Rd5 45. cxd6+ Rxd6 46. Nxf5 Rxh6 47.
Nxh6 Kb6 48. Nf7 Kb5 49. Ne5 Bh3 50. Nd3 Bf1 51. Ke3 Kc4 52. Nc5 Kxb4 53. Nxa6+
1/2-1/2

[Event "Indywidualne Mistrzostwa Polski Juniorow do lat 18 - Chlopcy"]
[Site "Szklarska Poreba"]
[Date "1899-12-30"]
[Round "3.14"]
[White "Szydelko, Michal"]
[Black "Lukasiewicz, Krzysztof"]
[Result "0-1"]
[WhiteTitle "I"]
[BlackTitle "k"]
[WhiteElo "1764"]
[BlackElo "2155"]

1. e4 c6 2. d4 d5 3. Nc3 dxe4 4. Nxe4 Bf5 5. Ng3 Bg6 6. h4 h6 7. h5 Bh7 8. Nf3
Nd7 9. Bd3 Bxd3 10. Qxd3 e6 11. Bd2 Ngf6 12. O-O-O Be7 13. Qe2 O-O 14. Kb1 c5
15. Be3 Qc7 16. dxc5 Rac8 17. Nd4 Bxc5 18. Qd3 Rfd8 19. Qb3 Nd5 20. Nge2 Nxe3
21. fxe3 Nf6 22. Nc3 a6 23. Rhg1 Nxh5 24. g4 Nf6 25. g5 hxg5 26. Rxg5 Bxd4 27.
exd4 g6 28. Rf1 Kg7 29. Rg2 Rd7 30. Rgf2 Ng4 31. Rf4 Ne3 32. R1f3 Nc4 33. Kc1
Rh8 34. Ne2 Rh1+ 35. Rf1 Qxf4+ 0-1

[Event "Indywidualne Mistrzostwa Polski Juniorow do lat 18 - Chlopcy"]
[Site "Szklarska Poreba"]
[Date "1899-12-30"]
[Round "3.15"]
[White "Polczyk, Mikolaj"]
[Black "Hrymowicz, Artur"]
[Result "1-0"]
[WhiteTitle "k"]
[BlackTitle "I++"]
[WhiteElo "2131"]
[BlackElo "1991"]

1. d4 Nf6 2. c4 b6 3. Nf3 Bb7 4. g3 c5 5. d5 b5 6. b3 bxc4 7. bxc4 g6 8. Nc3 Bg7
9. Rb1 Qc8 10. Bg2 d6 11. O-O O-O 12. Qd3 Nbd7 13. h3 Ba6 14. Nb5 Bxb5 15. Rxb5
Qc7 16. Bd2 Rfb8 17. Ba5 Qc8 18. Rfb1 Rxb5 19. Rxb5 Rb8 20. Qb3 a6 21. Rxb8 Qxb8
22. Qxb8+ Nxb8 23. Nd2 Nbd7 24. f4 Nh5 25. Kf2 f5 26. e3 Bb2 27. g4 Ng7 28. Bf3
Ba3 29. Nb1 Bc1 30. g5 Kf7 31. Bd1 e5 32. dxe6+ Kxe6 33. Bf3 Ne8 34. Bb7 Nb8 35.
Bc8+ Kf7 36. Bb6 Bb2 37. a4 Ke7 38. Ke2 Nd7 39. a5 Nb8 40. Kd2 Kf7 41. Nc3 Bxc3+
42. Kxc3 Ke7 43. Kb3 Kf7 44. Bb7 Ke6 45. Ba7 Nd7 46. Bxa6 d5 47. cxd5+ Kxd5 48.
Bb5 Ke6 49. Bxd7+ Kxd7 50. Bxc5 Kc6 51. Kc4 Nc7 52. Bb6 Nd5 53. Kd4 1-0

[Event "Indywidualne Mistrzostwa Polski Juniorow do lat 18 - Chlopcy"]
[Site "Szklarska Poreba"]
[Date "1899-12-30"]
[Round "3.16"]
[White "Kaminski, Maciej"]
[Black "Woloch, Oskar"]
[Result "0-1"]
[WhiteTitle "I++"]
[BlackTitle "k"]
[WhiteElo "1796"]
[BlackElo "2032"]

1. e4 e5 2. Nf3 Nc6 3. Bc4 Nf6 4. d3 h6 5. O-O d6 6. c3 g6 7. h3 Bg7 8. Re1 O-O
9. Bb3 Qe7 10. Nbd2 Be6 11. Nc4 b5 12. Ne3 Na5 13. Bxe6 Qxe6 14. b4 Nc6 15. a4
a6 16. Bb2 d5 17. axb5 axb5 18. exd5 Nxd5 19. Qb3 Nf4 20. Qxe6 fxe6 21. Rxa8 Rxa8
22. Rd1 Ra2 23. Rd2 Nxd3 24. Rxd3 e4 25. Rd7 exf3 26. Rxc7 Ne5 27. Rc8+ Kh7 28.
c4 Rxb2 29. cxb5 Rb1+ 30. Kh2 Rxb4 31. Rb8 Nc4 32. Nxc4 Rxc4 33. Rb7 fxg2 34.
Kxg2 Kg8 35. Re7 Rb4 36. Rxe6 Kf7 37. Rb6 Bd4 38. Rb7+ Kf6 39. f3 Kg5 40. Kg3
Be3 41. Kg2 Rb2+ 42. Kh1 Kf4 43. Rg7 g5 0-1

[Event "Indywidualne Mistrzostwa Polski Juniorow do lat 18 - Chlopcy"]
[Site "Szklarska Poreba"]
[Date "1899-12-30"]
[Round "3.17"]
[White "Iwanczuk, Krzysztof"]
[Black "Majocha, Piotr"]
[Result "0-1"]
[WhiteTitle "I"]
[BlackTitle "I+"]
[WhiteElo "1749"]
[BlackElo "2028"]

1. d4 Nf6 2. Bf4 e6 3. e3 d5 4. Nf3 c5 5. c3 Nbd7 6. Nbd2 Be7 7. Bd3 O-O 8. h4
b6 9. Ne5 Bb7 10. Qf3 a6 11. g4 Nxe5 12. dxe5 Nd7 13. g5 Qc7 14. Qg3 c4 15. Bxh7+
Kxh7 16. h5 Nc5 17. g6+ Kg8 18. h6 d4 19. hxg7 Bxh1 20. gxf8=Q+ Rxf8 21. g7 Rd8
22. Qh2 Nd3+ 23. Kf1 Kxg7 24. Qg1+ Kf8 25. Qxh1 Ke8 26. Qe4 dxc3 27. bxc3 Nxf4
28. Nxc4 Ng6 29. f4 b5 30. Nd6+ Bxd6 31. exd6 Qxd6 32. f5 Ne5 33. fxe6 Qxe6 34.
a4 Qc4+ 35. Qxc4 bxc4 0-1

[Event "Indywidualne Mistrzostwa Polski Juniorow do lat 18 - Chlopcy"]
[Site "Szklarska Poreba"]
[Date "1899-12-30"]
[Round "3.18"]
[White "Galuszka, Tomasz"]
[Black "Burzak, Wojciech"]
[Result "1-0"]
[WhiteTitle "I++"]
[BlackTitle "I"]
[WhiteElo "2016"]
[BlackElo "1666"]

1. e4 c5 2. Nf3 e6 3. d4 cxd4 4. Nxd4 a6 5. Bd3 Nf6 6. Nc3 Qc7 7. O-O Bc5 8. Nb3
Be7 9. Be3 d6 10. a4 b6 11. a5 Nbd7 12. axb6 Nxb6 13. Qe2 O-O 14. f4 Bb7 15. Na5
Bc8 16. Kh1 Nfd7 17. Rf3 Nc5 18. Bxc5 dxc5 19. e5 g6 20. Be4 Nd5 21. Bxd5 exd5
22. Nxd5 Qd7 23. Rd3 Qe6 24. Nc7 Qb6 25. Nxa8 Qxb2 26. Qd1 Bg4 27. Qb1 Qxb1+ 28.
Rxb1 Rxa8 29. Nc6 Bf8 30. Rb8 Rxb8 31. Nxb8 Bf5 32. Rd8 Kg7 33. Nxa6 Bxc2 34.
Rc8 Bf5 35. Rc7 c4 36. Rxc4 Be7 37. Nc5 h6 38. h3 h5 39. Ne4 Be6 40. Ra4 Bd8 41.
Ng5 Bxg5 42. fxg5 Kf8 43. Ra7 Ke8 44. Kh2 Bd7 45. Kg3 Ke7 46. Kf4 Ke6 47. g4 hxg4
48. Kxg4 Bc8 49. Kf4 Kd5 50. Rxf7 Bxh3 51. Rf6 1-0

[Event "Indywidualne Mistrzostwa Polski Juniorow do lat 18 - Chlopcy"]
[Site "Szklarska Poreba"]
[Date "1899-12-30"]
[Round "3.19"]
[White "Kukorowski, Jan"]
[Black "Paliwoda, Borys"]
[Result "0-1"]
[WhiteTitle "I+"]
[BlackTitle "I+"]
[WhiteElo "1719"]
[BlackElo "1974"]

1. e4 c5 2. Nf3 e6 3. d4 cxd4 4. Nxd4 Nf6 5. Nc3 d6 6. g4 h6 7. h4 a6 8. Rg1 d5
9. exd5 Nxd5 10. Nxd5 Qxd5 11. Bg2 Qc4 12. c3 Be7 13. g5 hxg5 14. hxg5 e5 15.
Nf3 Nc6 16. Be3 Bf5 17. Nd2 Qe6 18. Qa4 b5 19. Qb3 Rc8 20. Bd5 Qg6 21. c4 Nb4
22. Nf3 Nxd5 23. cxd5 Bc2 24. d6 Bxb3 25. d7+ Kxd7 26. Nxe5+ Kd8 27. Nxg6 Bb4+
28. Ke2 Bc4+ 29. Kf3 fxg6 30. Rad1+ Kc7 31. b3 Be6 32. a3 Bd6 33. Rd3 Rhf8+ 34.
Ke2 Bxa3 35. Ra1 b4 36. Bd4 Bg4+ 37. f3 Rce8+ 38. Kf2 Bf5 39. Rd2 Be4 40. Bxg7
Rxf3+ 41. Kg1 Rxb3 42. Raa2 Rg3+ 0-1

[Event "Indywidualne Mistrzostwa Polski Juniorow do lat 18 - Chlopcy"]
[Site "Szklarska Poreba"]
[Date "1899-12-30"]
[Round "3.20"]
[White "Niemier, Hubert"]
[Black "Lis, Mateusz"]
[Result "1/2-1/2"]
[WhiteTitle "I"]
[BlackTitle "k"]
[WhiteElo "1801"]
[BlackElo "2156"]

1. d4 d5 2. c4 e6 3. Nc3 Bb4 4. e3 Nf6 5. Bd3 Nbd7 6. Nf3 b6 7. O-O Bb7 8. Qe2
O-O 9. a3 Bxc3 10. bxc3 c5 11. Bb2 Qc7 12. Nd2 Rfe8 13. f3 e5 14. cxd5 exd4 15.
cxd4 Nxd5 16. e4 N7f6 17. Qf2 Nf4 18. Bb5 Rec8 19. Rfc1 Qe7 20. dxc5 bxc5 21.
Nb3 a6 22. Bf1 Nd7 23. Qg3 Ng6 24. Rc3 Bc6 25. Rac1 Bb5 26. Qf2 Bxf1 27. Kxf1
c4 28. Nd2 Qd6 29. Kg1 Nf4 30. Nxc4 Qg6 31. Kh1 1/2-1/2

[Event "Indywidualne Mistrzostwa Polski Juniorow do lat 18 - Chlopcy"]
[Site "Szklarska Poreba"]
[Date "1899-12-30"]
[Round "3.21"]
[White "Marczak, Szymon"]
[Black "Goreczny, Tomasz"]
[Result "1-0"]
[WhiteTitle "I++"]
[BlackTitle "I"]
[WhiteElo "1931"]
[BlackElo "1784"]

1. b3 e6 2. Bb2 f5 3. e4 Nf6 4. e5 Ng4 5. d4 d5 6. Be2 Nh6 7. f4 a5 8. Qd2 b6 9.
Nf3 Ba6 10. c4 c6 11. Nc3 Bb4 12. a3 Bxc3 13. Bxc3 O-O 14. O-O a4 15. Bb4 Re8
16. bxa4 Bxc4 17. Bxc4 dxc4 18. Qc2 Qd5 19. Rfc1 b5 20. axb5 cxb5 21. a4 Na6 22.
Bd6 Rec8 23. axb5 Qxb5 24. Ra4 c3 25. Ra3 Nf7 26. Rxc3 Nxd6 27. exd6 Rd8 28. Rc6
Nb8 29. Rc8 Na6 30. Rxa8 Rxa8 31. Qc8+ Rxc8 32. Rxc8+ Kf7 33. Ne5+ 1-0

[Event "Indywidualne Mistrzostwa Polski Juniorow do lat 18 - Chlopcy"]
[Site "Szklarska Poreba"]
[Date "1899-12-30"]
[Round "3.22"]
[White "Kukula, Karol"]
[Black "Posluszny, Tomasz"]
[Result "1-0"]
[WhiteTitle "I"]
[BlackTitle "I+"]
[WhiteElo "1785"]
[BlackElo "1906"]

1. e4 c5 2. Nf3 e6 3. d4 cxd4 4. Nxd4 Nc6 5. Nc3 Qc7 6. g3 Nf6 7. Bg2 Nxd4 8. Qxd4
Bc5 9. Bf4 d6 10. Qd3 a6 11. O-O Nd7 12. Rad1 Ne5 13. Bxe5 dxe5 14. b3 b5 15.
a4 b4 16. Ne2 Ke7 17. c3 bxc3 18. Qxc3 Bd7 19. Kh1 Bb6 20. Qb4+ Bc5 21. Qc3 Bb6
22. Qb4+ Bc5 23. Qc3 f6 24. f4 Rac8 25. Qd3 a5 26. fxe5 fxe5 27. Qd2 h6 28. Ng1
Qa7 29. Nf3 Bb4 30. Qd3 Rc3 31. Qe2 Qc7 32. Nh4 Be8 33. Qg4 g5 34. Bh3 Rc6 35.
Qf3 Rd6 36. Qf6+ Kd7 37. Bxe6+ Kc6 38. Rc1+ Bc5 39. Rxc5+ Kxc5 40. Rc1+ Kb6 41.
Rxc7 Kxc7 42. Qxh8 Rxe6 43. Nf5 Bc6 44. Qg7+ Kb6 45. Nxh6 Bxe4+ 46. Kg1 Bc2 47.
Qxg5 1-0

[Event "Indywidualne Mistrzostwa Polski Juniorow do lat 18 - Chlopcy"]
[Site "Szklarska Poreba"]
[Date "1899-12-30"]
[Round "4.1"]
[White "Chylewski, Patryk"]
[Black "Kozak, Antoni"]
[Result "1/2-1/2"]
[WhiteTitle "FM"]
[BlackTitle "k"]
[WhiteElo "2312"]
[BlackElo "2343"]

1. d4 Nf6 2. c4 e6 3. Nc3 Bb4 4. Qc2 O-O 5. a3 Bxc3+ 6. Qxc3 b6 7. Bg5 Bb7 8. e3
d6 9. f3 Qe7 10. Bd3 h6 11. Bh4 e5 12. dxe5 dxe5 13. Bf5 Nc6 14. Ne2 Rad8 15.
O-O Qd6 16. Bc2 Qd2 17. Bxf6 gxf6 18. Rad1 Qxc3 19. Nxc3 Ne7 20. Kf2 f5 21. b3
a6 22. Ke2 Kg7 23. Kf2 Kf6 24. Ke2 Kg7 25. Kf2 Kf6 26. Ke2 Kg7 27. Kf2 Kf6 28.
Ke2 Kg7 29. Kf2 Kf6 30. Ke2 Kg7 1/2-1/2

[Event "Indywidualne Mistrzostwa Polski Juniorow do lat 18 - Chlopcy"]
[Site "Szklarska Poreba"]
[Date "1899-12-30"]
[Round "4.2"]
[White "Kokoszczynski, Jan"]
[Black "Fus, Jakub"]
[Result "1/2-1/2"]
[WhiteTitle "k"]
[BlackTitle "FM"]
[WhiteElo "2239"]
[BlackElo "2339"]

1. d4 Nf6 2. c4 e6 3. Nf3 b6 4. g3 Bb7 5. Bg2 Bb4+ 6. Bd2 a5 7. O-O O-O 8. Nc3
d6 9. Rc1 Bxc3 10. Bxc3 Be4 11. Bh3 Bxf3 12. exf3 d5 13. b3 Nbd7 14. Bg2 Qe7 15.
Re1 c6 16. f4 Qd6 17. Qd2 Rfc8 18. Qb2 b5 19. c5 Qc7 20. a3 g6 21. Qc2 a4 22.
b4 Nh5 23. Re2 Re8 24. Rce1 Ng7 25. Qd3 f5 26. Rc1 Kf7 27. Kf1 Nf6 28. f3 Re7
29. Ke1 Rae8 30. Kd1 Qb7 31. Kc2 Qc7 1/2-1/2

[Event "Indywidualne Mistrzostwa Polski Juniorow do lat 18 - Chlopcy"]
[Site "Szklarska Poreba"]
[Date "1899-12-30"]
[Round "4.3"]
[White "Kowalski, Igor"]
[Black "Godzwon, Iwo"]
[Result "1/2-1/2"]
[WhiteTitle "FM"]
[BlackTitle "FM"]
[WhiteElo "2308"]
[BlackElo "2322"]

1. d4 Nf6 2. c4 g6 3. Nc3 d5 4. cxd5 Nxd5 5. e4 Nxc3 6. bxc3 Bg7 7. Bg5 c5 8. Rc1
Qa5 9. Qd2 cxd4 10. cxd4 Qxd2+ 11. Kxd2 Nd7 12. Nf3 h6 13. Bh4 g5 14. Bg3 g4 15.
Ne5 Nxe5 16. Bxe5 Bxe5 17. dxe5 Rg8 18. Ke3 Be6 19. Bc4 Bxc4 20. Rxc4 Rg5 21.
Kf4 Rd8 22. Rb1 b6 23. Rc7 Rd7 24. Rc8+ Rd8 25. Rc7 Rd7 26. Rbc1 Rh5 27. Rc8+
Rd8 28. R1c7 Rxh2 29. Kg3 Rh5 30. Kf4 Rh2 31. Kg3 1/2-1/2

[Event "Indywidualne Mistrzostwa Polski Juniorow do lat 18 - Chlopcy"]
[Site "Szklarska Poreba"]
[Date "1899-12-30"]
[Round "4.4"]
[White "Psyk, Radoslaw"]
[Black "Brozyna, Mateusz"]
[Result "1/2-1/2"]
[WhiteTitle "k++"]
[BlackTitle "k"]
[WhiteElo "2315"]
[BlackElo "2180"]

1. e4 e5 2. Nf3 Nc6 3. Bb5 a6 4. Ba4 Nf6 5. O-O Be7 6. Re1 b5 7. Bb3 d6 8. c3 O-O
9. d3 Nd7 10. Nbd2 Bb7 11. Nf1 Bf6 12. Ng3 g6 13. Bh6 Bg7 14. Bxg7 Kxg7 15. d4
Ne7 16. Qd2 Ng8 17. Rad1 Qf6 18. h4 Rae8 19. h5 Qf4 20. hxg6 hxg6 21. dxe5 Qxd2
22. Rxd2 Nxe5 23. Ng5 Nf6 24. f4 Ned7 25. Bd1 Re7 26. Bf3 Nh7 27. Nh3 Rfe8 28.
Rde2 Nhf8 29. Nf1 Ne6 30. Nd2 Nec5 31. Nf2 a5 32. g3 b4 33. Re3 Nb6 34. Nd1 f6
1/2-1/2

[Event "Indywidualne Mistrzostwa Polski Juniorow do lat 18 - Chlopcy"]
[Site "Szklarska Poreba"]
[Date "1899-12-30"]
[Round "4.5"]
[White "Kosakowski, Jakub"]
[Black "Nowak, Mikolaj"]
[Result "1/2-1/2"]
[WhiteTitle "FM"]
[BlackTitle "I++"]
[WhiteElo "2389"]
[BlackElo "2254"]

1. e4 e5 2. Nf3 Nc6 3. Bb5 Nf6 4. O-O Nxe4 5. Re1 Nd6 6. Nxe5 Nxe5 7. Rxe5+ Be7
8. Bd3 O-O 9. Nc3 Ne8 10. Nd5 Bd6 11. Re1 Nf6 12. Qf3 Nxd5 13. Qxd5 Re8 14. Re4
Bf8 15. b3 c6 16. Qd4 Rxe4 17. Qxe4 g6 18. Bb2 Bg7 19. Bxg7 Kxg7 20. Re1 d6 21.
Qd4+ Qf6 22. Qxf6+ Kxf6 23. Re8 b6 24. g4 h6 25. Rd8 Bb7 26. Rxd6+ Ke7 27. Rd4
c5 28. Ra4 Bc6 29. Be4 Bxa4 30. Bxa8 Bd7 31. f3 g5 32. Kf2 Kd6 33. Ke3 Ke5 34.
Be4 f6 35. Bb7 Be6 36. Ba6 Bd7 37. a3 Be6 38. b4 Bd7 39. Bb7 a5 40. bxa5 bxa5
41. Ba6 Ba4 42. Bd3 Bc6 43. Be4 Bb5 44. d3 Be8 45. c3 Bf7 46. d4+ cxd4+ 47. cxd4+
Kd6 48. Bc2 Bd5 49. Bh7 Bb3 50. f4 Be6 51. fxg5 fxg5 52. Bf5 Bb3 53. Be4 Be6 54.
Bf3 Bf7 55. Be2 Be8 56. Bd1 Bf7 57. Kd3 Bd5 58. Kd2 Bf7 59. Kc3 Be6 60. Bf3 Bf7
61. Kd3 Be6 62. h3 Bf7 63. Be4 Be6 64. Bb7 Bf7 65. Bf3 Be6 66. Bd1 Bd5 67. Ke3
Bf7 68. Bf3 Be6 69. Kd2 Bf7 70. Kc3 Be6 71. Be2 Bd5 72. Bf1 Kc6 73. Kd2 Kd6 74.
Kd3 Bf7 75. Bg2 Bg8 76. Ke3 Bf7 77. Kf2 Be6 78. Kg3 Bd5 79. Bf3 Be6 80. h4 Bf7
81. hxg5 hxg5 82. Kf2 Bg8 83. Ke3 Bf7 84. Bd1 Bd5 85. Kd3 Bf7 86. Kc3 Bd5 87.
Bc2 Be6 88. Bf5 Bf7 89. Bc8 Kc7 90. Bf5 Kd6 91. Bd3 Be6 92. Be2 Bd5 93. Bd3 Be6
94. Bf5 1/2-1/2

[Event "Indywidualne Mistrzostwa Polski Juniorow do lat 18 - Chlopcy"]
[Site "Szklarska Poreba"]
[Date "1899-12-30"]
[Round "4.6"]
[White "Oglaza, Oskar"]
[Black "Jarzebowski, Kacper"]
[Result "1-0"]
[WhiteTitle "FM"]
[BlackTitle "I++"]
[WhiteElo "2342"]
[BlackElo "2079"]

1. e4 c5 2. Nf3 a6 3. c4 d6 4. d4 Nf6 5. Nc3 cxd4 6. Nxd4 e6 7. Be2 Nbd7 8. Be3
b6 9. O-O Bb7 10. f3 Be7 11. Qd2 Rc8 12. Rfc1 O-O 13. a4 Qc7 14. a5 bxa5 15. Nb3
Qb8 16. Nxa5 Ba8 17. b4 d5 18. cxd5 exd5 19. Bxa6 Rxc3 20. Qxc3 dxe4 21. Nc6 Bxc6
22. Qxc6 Bd6 23. Qb5 Bxh2+ 24. Kh1 Qg3 25. Qg5 Nd5 26. Qxd5 Ne5 27. Qxe4 f5 28.
Bc4+ Kh8 29. Qxf5 1-0

[Event "Indywidualne Mistrzostwa Polski Juniorow do lat 18 - Chlopcy"]
[Site "Szklarska Poreba"]
[Date "1899-12-30"]
[Round "4.7"]
[White "Szpar, Milosz"]
[Black "Lukasiewicz, Krzysztof"]
[Result "0-1"]
[WhiteTitle "FM"]
[BlackTitle "k"]
[WhiteElo "2311"]
[BlackElo "2155"]

1. Nf3 d5 2. g3 Nf6 3. Bg2 c6 4. c4 dxc4 5. Na3 b5 6. b3 cxb3 7. Qxb3 e6 8. Bb2
Bb7 9. Ne5 a6 10. Rc1 Qc7 11. O-O Bd6 12. f4 O-O 13. d4 Nfd7 14. Nd3 c5 15. Bxb7
Qxb7 16. dxc5 Be7 17. f5 exf5 18. Rxf5 Nc6 19. Rcf1 Bf6 20. Nc2 Na5 21. Qb4 Nc4
22. Bxf6 Nxf6 23. Rxf6 gxf6 24. Qc3 Qe7 25. Rxf6 Qxe2 26. Rf2 Qd1+ 27. Kg2 Rae8
28. Qd4 Rd8 29. Qf6 Qxd3 30. Rf5 h6 31. Kh3 Rd5 0-1

[Event "Indywidualne Mistrzostwa Polski Juniorow do lat 18 - Chlopcy"]
[Site "Szklarska Poreba"]
[Date "1899-12-30"]
[Round "4.8"]
[White "Pacan-milej, Kosma"]
[Black "Sernecki, Franciszek"]
[Result "1-0"]
[WhiteTitle "FM"]
[BlackTitle "I++"]
[WhiteElo "2265"]
[BlackElo "2334"]

1. d4 e6 2. c4 d5 3. Nc3 Nf6 4. cxd5 exd5 5. Bg5 Nbd7 6. e3 Bb4 7. Bd3 c5 8. Nge2
c4 9. Bf5 O-O 10. O-O Qa5 11. Qc2 Re8 12. b3 g6 13. Bxd7 Nxd7 14. a3 Bxc3 15.
Qxc3 Qxc3 16. Nxc3 Nb6 17. bxc4 dxc4 18. e4 Bd7 19. a4 Kg7 20. f3 f6 21. Be3 Nc8
22. Rfb1 b6 23. a5 bxa5 24. Rxa5 Nb6 25. Rba1 Kf7 26. d5 Nc8 27. Bd4 Kg7 28. Rc5
a6 29. Rxc4 Nd6 30. Rc7 Red8 31. g4 h6 32. f4 Rac8 33. Rxc8 Bxc8 34. g5 hxg5 35.
fxg5 Kf7 36. gxf6 1-0

[Event "Indywidualne Mistrzostwa Polski Juniorow do lat 18 - Chlopcy"]
[Site "Szklarska Poreba"]
[Date "1899-12-30"]
[Round "4.9"]
[White "Woloch, Oskar"]
[Black "Wyczling, Bartosz"]
[Result "1-0"]
[WhiteTitle "k"]
[BlackTitle "k"]
[WhiteElo "2032"]
[BlackElo "2215"]

1. d4 Nf6 2. c4 c5 3. d5 b5 4. cxb5 a6 5. e3 axb5 6. Bxb5 Qa5+ 7. Nc3 Bb7 8. Bd2
Qb6 9. Qb3 e6 10. e4 Nxe4 11. Nxe4 Bxd5 12. Qd3 f5 13. Ng3 Bxg2 14. N1e2 Bxh1
15. Nxh1 Be7 16. Nhg3 O-O 17. a4 d5 18. Nf4 Qd6 19. Qe2 Rf6 20. Nd3 c4 21. Ne5
f4 22. Nxc4 Qc5 23. Nh5 Rg6 24. Kf1 dxc4 25. Nxf4 Rf6 26. Qe4 Ra7 27. Be3 Qc7
28. Bxa7 Qxa7 29. Bxc4 Bd6 30. Bxe6+ Kh8 31. Rc1 Qa6+ 32. Ne2 Qb6 33. Rc8+ Bf8
34. Nf4 Qd6 35. Nd5 Qa6+ 36. Kg2 Rg6+ 37. Kf3 Qd6 38. Qf4 Rf6 39. Nxf6 Qd1+ 40.
Kg2 1-0

[Event "Indywidualne Mistrzostwa Polski Juniorow do lat 18 - Chlopcy"]
[Site "Szklarska Poreba"]
[Date "1899-12-30"]
[Round "4.10"]
[White "Leskiewicz, Ignacy"]
[Black "Galuszka, Tomasz"]
[Result "1-0"]
[WhiteTitle "I++"]
[BlackTitle "I++"]
[WhiteElo "2192"]
[BlackElo "2016"]

1. e4 c6 2. d4 d5 3. exd5 cxd5 4. c4 Nf6 5. Nc3 e6 6. c5 Nc6 7. Bb5 Be7 8. Nf3
O-O 9. O-O Ne4 10. Nxe4 dxe4 11. Bxc6 bxc6 12. Ne5 Qd5 13. Qa4 Bb7 14. Bf4 g5
15. Bg3 f5 16. f4 g4 17. Bf2 Kg7 18. h4 gxh3 19. gxh3 h6 20. Kh2 Kh7 21. Qd1 Qd8
22. Rg1 Qe8 23. Qb3 Rb8 24. Rg6 Bf6 25. Rag1 Ba6 26. Qa3 Qc8 27. Qg3 Rxb2 1-0